Top 50 Boy names of the 1500s in England - Statistics

General Stats
  • This quiz has been taken 179 times
  • The average score is 23 of 50
Answer Stats
# Name % Correct
1 John
95%
3 William
90%
9 James
89%
7 George
88%
6 Henry
86%
8 Edward
80%
2 Thomas
79%
33 Charles
77%
5 Richard
77%
24 Peter
75%
42 David
71%
15 Matthew
68%
4 Robert
68%
30 Michael
65%
19 Andrew
64%
26 Stephen
61%
29 Daniel
58%
10 Francis
58%
44 Luke
57%
13 Christopher
52%
49 Joseph
52%
41 Arthur
51%
14 Anthony
50%
11 Nicholas
50%
31 Samuel
49%
34 Alexander
48%
16 Edmund
44%
25 Philip
44%
17 Walter
43%
23 Simon
37%
47 Isaac
36%
21 Leonard
34%
22 Martin
34%
35 Gregory
33%
32 Allen
32%
37 Abraham
30%
27 Lawrence
26%
36 Nathaniel
26%
39 Geoffrey
24%
28 Roger
23%
18 Hugh
20%
12 Ralph
20%
46 Tobias
6%
38 Barnaby
3%
43 Fulke
3%
20 Humphrey
3%
48 Jerome
3%
40 Reynold
3%
50 Rowland
3%
45 Mathias
2%
No matching quizzes found
Score Distribution
Percent of People with Each Score
Percentile by Number Answered
Your Score History
You have not taken this quiz